东方Project所有有姓名有形象角色 - Statistics

General Stats
  • This quiz has been taken 204 times
    160 since last reset
  • The average score is 61 of 162
Answer Stats
作品名称 初登场 答案 % Correct
四面 博丽灵梦
92%
三面 魔理沙(魔梨沙)
87%
五面 十六夜咲夜
81%
二面 琪露诺
79%
六面 蕾米莉亚·斯卡雷特
77%
EX面 芙兰朵露·斯卡雷特
76%
六面 西行寺幽幽子
76%
PH面 八云紫
76%
EX面 八云蓝
74%
东方文花帖 射命丸文
74%
四面 雾雨魔理沙
72%
EX面 藤原妹红
72%
五面底 铃仙·优昙华院·因幡
71%
六面 蓬莱山辉夜
71%
五面 东风谷早苗
71%
四面 帕秋莉·诺蕾姬
70%
六面 八意永琳
69%
五面 魂魄妖梦
68%
五面中 因幡帝
68%
三面 红美铃
66%
EX面 古明地恋
65%
四面 古明地觉
64%
四面中 犬走椛
63%
三面 爱丽丝
62%
三面 爱丽丝·玛格特罗伊德
62%
三面 河城荷取
62%
二面
61%
东方萃梦想 伊吹萃香
60%
三面 星熊勇仪
56%
比那名居天子
55%
四面 霍青娥
54%
四季映姬
53%
东方心绮楼 秦心
52%
东方红魔乡 一面 露米娅
51%
东方凭依华 依神女苑
51%
依神紫苑
51%
魅魔
50%
三面 上白泽慧音
50%
风见幽香
50%
一面底 秋穰子
50%
六面 圣白莲
50%
六面 丰聪耳神子
50%
东方花映冢 小野冢小町
49%
二面 键山雏
49%
东方风神录 一面中 秋静叶
48%
五面 鬼人正邪
48%
六面 八坂神奈子
47%
六面 灵乌路空
47%
东方文花帖DS 姬海棠果
47%
六面/EX面 摩多罗隐岐奈
47%
东方茨歌仙 茨木华扇
47%
六面 纯狐
46%
三面 宫古芳香
45%
五面(四面中) 火焰猫燐
43%
东方兽王园 孙美天
43%
二面 多多良小伞
42%
EX面 洩矢诹访子
41%
东方绯想天 永江衣玖
41%
五面底 物部布都
41%
四面中 莉莉霍瓦特
39%
二面 水桥帕露西
39%
五面中 苏我屠自古
39%
四面 九十九弁弁
39%
东方永夜抄 一面 莉格露·奈特巴格
38%
六面 少名针妙丸
38%
东方妖妖梦 一面 蕾蒂·霍瓦特罗克
37%
一面底 黑谷山女
37%
四面 村纱水蜜
37%
五面底 饭纲丸龙
37%
东方灵异传 神玉
36%
二面 米斯蒂娅·萝蕾拉
36%
三面 云山
36%
四面 九十九八桥
36%
东方绀珠传 一面 清兰
36%
三面 哆来咪·苏伊特
36%
东方地灵殿 一面中 琪斯美
34%
东方星莲船 一面 娜兹玲
34%
五面 寅丸星
34%
东方神灵庙 二面 幽谷响子
34%
EX面 二岩猯藏
34%
东方深秘录 宇佐见堇子
34%
五面 克劳恩皮丝
34%
东方求闻史纪 稗田阿求
34%
东方铃奈庵 本居小铃
34%
四面
33%
四面底 莉莉卡·普莉兹姆利巴
33%
EX面 赫卡提亚·拉碧斯拉祖利
33%
梅蒂欣·梅兰可莉
32%
四面底 露娜萨·普莉兹姆利巴
31%
三面 云居一轮
31%
EX面 封兽鵺
31%
四面 稀神探女
31%
四面 吉吊八千慧
31%
莲台野夜行 宇佐见莲子
31%
四面底 梅露兰·普莉兹姆利巴
30%
二面 赤蛮奇
30%
二面 铃瑚
30%
四面
29%
三面 高丽野阿吽
29%
五面 杖刀偶磨弓
29%
三面 今泉影狼
28%
幽幻魔眼
27%
EX面 梦月
27%
EX面 幻月
27%
东方香霖堂 森近霖之助
27%
冈崎梦美
26%
东方辉针城 一面 若鹭姬
26%
东方天空璋 一面 爱塔妮缇·拉尔瓦
26%
五面 丁礼田舞
26%
Reisen(铃仙二号)
26%
东方刚欲异闻 饕餮尤魔
25%
EX面 姬虫百百世
25%
其他 东方三月精 桑尼米尔克
25%
绵月依姬
25%
其他 玄爷
24%
五面/六面 幽香
24%
六面 神绮
24%
EX面 堀川雷鼓
24%
六面 天弓千亦
24%
东方儚月抄 绵月丰姬
24%
玛艾露贝莉·赫恩
24%
菊理
23%
五面中 菅牧典
23%
二面 胡桃
22%
五面 尔子田里乃
22%
北白河千百合
21%
三面 庭渡久侘歌
21%
六面 埴安神袿姬
21%
日白残无
21%
露娜切露德
20%
斯塔萨菲雅
20%
小兔姬
19%
二面 坂田合欢
19%
二面 牛崎润美
19%
东方虹龙洞 一面 豪德寺三花
19%
萨丽艾尔
18%
东方鬼形兽 一面 戎璎花
18%
二面 山城高岭
18%
东方醉蝶华 奥野田美宵
18%
东方封魔录 一面 里香
17%
二面 明罗
17%
四面 矢田寺成美
17%
EX面 骊驹早鬼
17%
豫母都日狭美
16%
东方智灵奇传 宫出口瑞灵
16%
矜羯罗
15%
三面 驹草山如
15%
东方梦时空 爱莲
14%
三头慧之子
14%
朝仓理香子
13%
三面 艾丽
13%
四面 玉造魅须丸
13%
卡娜·安娜贝拉尔
12%
天火人血枪
12%
其他 留琴
10%
东方幻想乡 一面 奥莲姬
10%
五面 梦子
10%
依莉斯
9%
EX面 邪眼西格玛
8%
东方怪绮谈 一面 萨拉
8%
二面 路易兹
6%
No matching quizzes found
Score Distribution
Percent of People with Each Score
Percentile by Number Answered
Your Score History
You have not taken this quiz since the last reset